000 00986cam a22003137a 4500
003 CHAP
005 20220329134325.0
008 971013s1982 r 00010 d
010 _a18748
011 _a19720
035 _a23805
040 _cCHAP
082 _a635.32
_bA5
100 0 0 _aAlsina Grau, Luis.
_94649
245 1 3 _aEl cultivo de la alcachofa y del cardo
260 _aBarcelona :
_bSintes,
_c1982
300 _a128 p.
_b: ilus
490 0 _aBiblioteca del agricultor
590 _aBATCH-UPD
_b10
_c20130110
_lUCH01
_h0247
590 _aBATCH-UPD
_b10
_c20130110
_lUCH01
_h2155
590 _aCONVERSION
_b10
_c20130109
_lUCH01
_h1311
650 1 4 _aAlcachofas.
_93531
650 1 4 _aCynara cardunculus.
_930798
830 0 _aBiblioteca del agricultor
_912353
901 _aBK
942 _cLIBRO
949 _a635.32 A5
_bBC
_cLIBRO
_d33724000262390
_eLIBRO
_gI.126423
_h66509
_i23805
_si
949 _a635.32 A5
_bBC
_cLIBRO
_d33724000262556
_eLIBRO
_fc.2
_gI.126424
_h66510
_i23805
_si
999 _c18748
_d18748